LEADER 01137nam0 2200325 450 001 000018585 005 20081031163151.0 100 $a20081031d1953----km-y0itay50------ba 101 1 $afre 102 $aFR 105 $ay-------001yy 200 1 $a<>homme et l'état$fpar Jacques Maritain$gtraduit de la version originale en langue anglaise par Robert et France Davril$gpréface de B. Mirkine-Guezévitch et Marcel Prélot 210 $aParis$cPresses universitaires de France$d1953 215 $aXIII, 204 p.$d23 cm 225 2 $aBibliothèque de la science politique$hSer. 2.$iLes grandes doctrines politiques 410 0$12001$aBibliotheque de la science politique 610 1 $aDiritti dell'uomo 610 1 $aStato 610 1 $aChiesa e Stato 676 $a320.15$v19 700 1$aMaritain,$bJacques$0126203 702 1$aDavril,$bRobert 702 1$aDavril,$bFrance 702 1$aMirkine-Guetzévitch,$bBoris 702 1$aPrélot,$bMarcel 801 0$aIT$bUNIPARTHENOPE$c20081031$gRICA$2UNIMARC 912 $a000018585 951 $a320.15/100$b11168$cNAVA1 996 $aHomme et l'état$9711400 997 $aUNIPARTHENOPE LEADER 01451nas 2200505-a 450 001 996221537403316 005 20230503213018.0 011 $a1549-6511 035 $a(CKB)954925490875 035 $a(CONSER)--2004235692 035 $a(OCoLC)54678528 035 $a(DE-599)ZDB2067803-4 035 $a(EXLCZ)99954925490875 100 $a20040311a19799999 s-- a 101 0 $aeng 135 $aurcnu|||||||| 181 $ctxt$2rdacontent 182 $cc$2rdamedia 183 $acr$2rdacarrier 200 10$aAmerican journal of education 210 $aChicago, Ill. $cUniversity of Chicago Press$d1979- 215 $a1 online resource 300 $aTitle from title screen (JSTOR website, viewed Mar. 11, 2004). 300 $aRefereed/Peer-reviewed 311 $a0195-6744 517 1 $aAJE 531 $aAM J EDUC 531 $aAM J EDUC (CHIC ILL) 531 $aAM. J. EDUC 531 0 $aAm. j. educ. 606 $aEducation$vPeriodicals 606 $aÉducation$vPériodiques 606 $aEducation$2fast$3(OCoLC)fst00902499 608 $aPeriodicals.$2fast 608 $aPeriodicals.$2lcgft 610 $aEducation - General 615 0$aEducation 615 6$aÉducation 615 7$aEducation. 676 $a370/.5 712 02$aUniversity of Chicago.$bDepartment of Education, 906 $aJOURNAL 912 $a996221537403316 996 $aAmerican journal of education$9976752 997 $aUNISA